Regulae ad directionem ingenii
保存先:
| 第一著者: | |
|---|---|
| フォーマット: | 図書 |
| 言語: | フランス語 |
| 出版事項: |
París
J. Vrin
1946
|
| 版: | 2a. ed |
| シリーズ: | Bibliothèque des Textes Philosophiques
|
| 主題: | |
| タグ: |
タグ追加
タグなし, このレコードへの初めてのタグを付けませんか!
|
MARC
| LEADER | 00000nam a2200000 a 4500 | ||
|---|---|---|---|
| 001 | UCZ5211 | ||
| 003 | CL-VaPUC | ||
| 008 | 951117e19460000FR |||||||||||||||||fre|d | ||
| 082 | 0 | 4 | |a 110 |b DES |2 21 |
| 100 | |a Descartes, René |e autor |9 265906 | ||
| 245 | 1 | 0 | |a Regulae ad directionem ingenii |
| 250 | |a 2a. ed | ||
| 300 | |a 116 p | ||
| 942 | |c BK | ||
| 945 | |d 19951117 00:00:00 |a cmena | ||
| 260 | |a París |b J. Vrin |c 1946 | ||
| 650 | 0 | |a Metafísica |9 265649 | |
| 650 | 0 | |a Teoría del conocimiento |9 255038 | |
| 650 | 0 | |a Epistemología |9 264994 | |
| 650 | 0 | |a Racionalismo |9 259116 | |
| 650 | 0 | |a Filosofía francesa |9 255698 | |
| 583 | |a last modification |c 19951117 00:00:00 |k Rodrigo Vera | ||
| 490 | 0 | |a Bibliothèque des Textes Philosophiques | |
| 999 | |c 241533 |d 241531 | ||
| 952 | |0 0 |1 0 |4 0 |6 110_000000000000000_DES_1946 |7 0 |8 P |9 253876 |a BIBEDU |b BIBEDU |c BIBEDU_PB |d 2019-11-19 |i 1572849 |o 110 DES 1946 |p 1572849 |r 2024-01-25 |w 2019-11-19 |y BK |k FIL | ||